LDR 01037naa#a2200205#i#450# 001 RU\\bibl\120949 005 20260503123620.7 011 ## _a2782-5256 100 ## _a20251225b2025####ek#y0rusy0150####ca 102 ## _aRU 200 1# _aК вопросу истории о применении дополнительных лучевых методов в судебно-медицинской и медико-криминалистической практике _eЖурнальная статья 210 1# _aМосква _cМосковский университет МВД России имени В.Я. Кикотя _d2025 215 ## _a5 с. 608 ## _aЖурнальная статья _2local 675 ## _aПраво. Юридические науки. 34 _z 700 #1 _aДадабаев _gВладимир Кадырович 700 #1 _aУслонцев _gДенис Николаевич 700 #1 _aГлотов _gМаксим Евгеньевич 700 #1 _aКамалян _gАшот Владимирович 856 4# _amosumvd.editorum.ru _u